Markets (Record no. 84085)
[ view plain ]
| 000 -LEADER | |
|---|---|
| fixed length control field | 00888cab a22001935a 4500 |
| 001 - CONTROL NUMBER | |
| control field | L156568 |
| 008 - FIXED-LENGTH DATA ELEMENTS--GENERAL INFORMATION | |
| fixed length control field | 120611e2012 xxk 000 0 eng d |
| 035 ## - SYSTEM CONTROL NUMBER | |
| System control number | (Sirsi) u156568 |
| 041 0# - LANGUAGE CODE | |
| Language code of text/sound track or separate title | eng |
| 100 1# - MAIN ENTRY--PERSONAL NAME | |
| Personal name | Eade, Christine |
| 245 00 - TITLE STATEMENT | |
| Title | Markets |
| Remainder of title | Staffordshire and Shropshire |
| 260 ## - PUBLICATION, DISTRIBUTION, ETC. | |
| Date of publication, distribution, etc. | 2012 |
| 490 #0 - SERIES STATEMENT | |
| Series statement | Property Week |
| Volume/sequential designation | 78(22) 1 June 2012, 53-56(4) |
| 520 ## - SUMMARY, ETC. | |
| Summary, etc. | Round-up of commercial property sector news from Staffordshire and Shropshire: Stoke-on-Trent City Council is to relocate its HQ to Gener8 Developments' proposed new central business district scheme in Hanley; Citygrove Securities' Southwater Square cinema, hotel and restaurant development scheme in Telford is now full; and sale of Telford and Wrekin Council's offices for an Asda superstore will help fund new council offices. |
| 590 ## - LOCAL NOTE (RLIN) | |
| Local note | KA |
| 651 #4 - SUBJECT ADDED ENTRY--GEOGRAPHIC NAME | |
| Geographic name | Staffordshire |
| 651 #4 - SUBJECT ADDED ENTRY--GEOGRAPHIC NAME | |
| Geographic name | Shropshire |
| 942 ## - ADDED ENTRY ELEMENTS (KOHA) | |
| Suppress in OPAC | 0 |
| Withdrawn status | Lost status | Source of classification or shelving scheme | Damaged status | Not for loan | Home library | Current library | Shelving location | Date acquired | Total Checkouts | Full call number | Barcode | Date last seen | Copy number | Price effective from | Koha item type |
|---|---|---|---|---|---|---|---|---|---|---|---|---|---|---|---|
| Dewey Decimal Classification | London | London | Journal article | 11/06/2012 | L156568 | 156568-1001 | 06/08/2019 | 1 | 06/08/2019 | Journal article |